| 000 | 00750nam a2200193 a 4500 | ||
|---|---|---|---|
| 005 | 20240924065307.0 | ||
| 008 | 991125n197 [us 000 0 eng u | ||
| 035 | _aUPN01000046037 | ||
| 049 | _aCG | ||
| 050 | 4 |
_aLB1027 _bP7.8 |
|
| 245 | 0 | 0 |
_aPreparing, training, packages / _cSlough College of Higher Education, Faculty of Manangement, Training Technology Division. |
| 260 |
_a[USA?] : _bSlough College of Higher Education, _c[197-?] |
||
| 300 |
_aca. 171 h. : _bil. |
||
| 500 | _aFotocopia | ||
| 650 | 4 |
_aEducación _xMétodos experimentales _95868 |
|
| 650 | 7 |
_aEducación superior _zEstados Unidos _2 _915203 |
|
| 710 | 2 |
_aSlough College of Higher Education (Estados Unidos). _bFaculty of Management. _bTraining Technology Division |
|
| 905 | _aLibro | ||
| 999 |
_c46037 _d46037 |
||